Loading...
| Current Events | 2 | 3 | 0 | 0 | 60 | 37 | 75.60 | 4 | 4 |
| History - World History | 0 | 5 | 0 | 1 | 50 | 84 | 113.00 | 1 | 5 |
| History - American History | 2 | 2 | 0 | 1 | 50 | 47 | 77.50 | 0 | 3 |
| Philosophy | 0 | 4 | 0 | 0 | 40 | 116 | 124.50 | 0 | 4 |
| History - European History | 1 | 2 | 0 | 0 | 35 | 62 | 84.00 | 2 | 3 |
| Fine Arts - Other Fine Arts | 2 | 0 | 1 | 0 | 25 | 53 | 53.00 | 2 | 2 |
| Social Science | 0 | 2 | 0 | 0 | 20 | 94 | 111.50 | 0 | 2 |
| Other Academic | 0 | 1 | 0 | 1 | 10 | 134 | 134.00 | 0 | 1 |
| History - Other History | 1 | 0 | 1 | 0 | 10 | 61 | 61.00 | 1 | 1 |
| Science - Physics | 0 | 1 | 0 | 0 | 10 | 129 | 129.00 | 1 | 1 |
| Fine Arts - Painting and Sculpture | 0 | 1 | 0 | 1 | 10 | 146 | 146.00 | 0 | 0 |